An introduction to multivariate statistical analysis /

Bibliographic Details
Main Author: Anderson, T. W. (Theodore Wilbur), 1918-
Format: Book
Language:English
Published: New York : Wiley, [1984]
Edition:2nd ed.
Series:Wiley series in probability and mathematical statistics.
Subjects:

MARC

Tag First Indicator Second Indicator Subfields
LEADER 00000pam a2200000 a 4500
001 in00000575721
005 20151014063652.0
008 840405s1984 nyu b 00110 eng
010 |a  84007334  
020 |a 0471889873 
035 |a (OCoLC)10723033 
035 |9 ACN4482AM 
039 0 |a 2  |b 3  |c 3  |d 3  |e 3 
040 |a DLC  |c DLC  |d TXA  |d UtOrBLW 
049 |a TXAM  |c [A08974030] 
050 0 0 |a QA278  |b .A516 1984 
082 0 |a 519.5/35  |2 19 
100 1 |a Anderson, T. W.  |q (Theodore Wilbur),  |d 1918- 
245 1 3 |a An introduction to multivariate statistical analysis /  |c T.W. Anderson. 
250 |a 2nd ed. 
264 1 |a New York :  |b Wiley,  |c [1984] 
264 4 |c ©1984 
300 |a xvii, 675 pages ;  |c 25 cm. 
336 |a text  |b txt  |2 rdacontent 
337 |a unmediated  |b n  |2 rdamedia 
338 |a volume  |b nc  |2 rdacarrier 
490 1 |a Wiley series in probability and mathematical statistics 
500 |a Includes index. 
504 |a Bibliography: pages 643-665. 
650 0 |a Multivariate analysis. 
830 0 |a Wiley series in probability and mathematical statistics. 
999 |a MARS 
999 f f |s ce011aca-acc1-3f67-8f2b-9406af3e2519  |i fd214950-46e1-3b4c-b4c2-14277a9b0ac2  |t 0 
952 f f |p normal  |a Texas A&M University  |b College Station  |c Sterling C. Evans Library  |s Evans stk  |d Evans: Library Stacks  |t 0  |e QA278 .A516 1984  |h Library of Congress classification  |i unmediated -- volume  |m A14826787944 
998 f f |a QA278 .A516 1984  |t 0  |l Evans: Library Stacks